On reference coordinate systems for earth dynamics /

Bibliographic Details
Corporate Authors: International Astronomical Union. Colloquium, International Astronomical Union
Other Authors: Kołaczek, Barbara, Weiffenbach, George Charles, 1921-
Format: Book
Language:English
Published: Warsaw : The Union, 1975.
Subjects:

MARC

Tag First Indicator Second Indicator Subfields
LEADER 00000cam a2200000 a 4500
001 in00000099076
005 20150924155834.0
008 780720s1975 pl a b 10010 engm
010 |a  78307095  
035 |a (OCoLC)04193802 
035 |9 AAK9942AM 
040 |a DLC  |c DLC  |d m.c.  |d TXA  |d UtOrBLW 
049 |a TXAM  |c [1633549] 
050 0 0 |a QB147  |b  I57 1974 
082 0 |a 522/.7 
110 2 |a International Astronomical Union.  |b Colloquium  |n (26th :  |d 1974 :  |c Torun, Poland) 
245 1 0 |a On reference coordinate systems for earth dynamics /  |c  International Astronomical Union colloquium no. 26, held in Torun, Poland, 26- 31 August 1974 / edited by Barbara Kolaczek and George Weiffenbach. 
264 1 |a Warsaw :  |b The Union,  |c 1975. 
300 |a 478 pages :  |b illustrations ;  |c 24 cm. 
336 |a text  |b txt  |2 rdacontent 
337 |a unmediated  |b n  |2 rdamedia 
338 |a volume  |b nc  |2 rdacarrier 
500 |a Errata pages inserted. 
504 |a Includes bibliographies. 
650 0 |a Coordinates  |x Congresses. 
650 0 |a Geodynamics  |v Congresses. 
650 0 |a Geodesy  |v Congresses. 
700 1 |a Kołaczek, Barbara. 
700 1 |a Weiffenbach, George Charles,  |d 1921- 
710 2 |a International Astronomical Union. 
999 |a MARS 
999 f f |s 45a2e1aa-2a79-38ec-acab-5b7221b70a95  |i 4324603b-c0a4-3cff-b561-70a743776ecc  |t 0 
952 f f |p ric  |a Texas A&M University  |b Rellis Campus  |c Joint Library Facility  |d Remote Storage  |t 0  |e QB147 I57 1974  |h Library of Congress classification  |i unmediated -- volume  |m A14806034915 
998 f f |a QB147 I57 1974  |t 0  |l Remote Storage